| 000 | 00613nam a2200229Ia 4500 | ||
|---|---|---|---|
| 003 | OSt | ||
| 005 | 20220928102553.0 | ||
| 006 | a|||||r|||| 00| 0 | ||
| 007 | ta | ||
| 008 | 220927b |||||||| |||| 00| 0 eng d | ||
| 024 | _a116073 | ||
| 037 | _cTextual | ||
| 040 |
_aSDCL _cSDCL _beng |
||
| 041 |
_2eng _aeng |
||
| 082 | _aS55:523, Q1 | ||
| 100 |
_aVohra Swasti Shrimali _9399057 |
||
| 245 | 0 |
_aFlourishing positivity in young women _b An intervention study. |
|
| 260 | _c2011 | ||
| 300 |
_a167p _ccm. |
||
| 942 |
_hS55:523, Q1 _cTEXL _2CC |
||
| 999 |
_c714919 _d714919 |
||